000 00778nam a22002057a 4500
999 _c2307
_d2307
003 AR-CdUCM
008 190304b ||||| |||| 00| 0 spa d
040 _aMUNICIPALIDAD PROVINCIAL DEL CUSCO
_cBIBLIOTECA MUNICIPAL DEL CUSCO
082 _a985.09 /
_bV66
100 _aVillanueva, Victor
_96878
245 _aEl caem y la revolución de la fuerza armada /
260 _aLima :
_bInstituto de Estudios Peruanos,
_c1972.
300 _a249 paginas ;
_c20 cm.
505 _aContenido :Formación del caem -- Evolución doctrinaria del caem -- Evolución política del caem -- El caem en la madurez --Consideraciones finales ...
650 _aPolítica y fuerzas armadas
_98329
650 _aFuerzas armadas
_98330
650 _aCaem
_98331
942 _2ddc
_cLIBROS
945 _arum